000 00749nam a2200205 a 4500
001 000045515
005 20201002052307.0
008 150413s2000 dr a 000 0 spa d
020 _a9945444271
040 _aDO-SdBNP
_bspa
_cBNPHU
082 _a510.7
_bD294q
100 1 _aRosa, María del Jesús de la
_910954
245 1 0 _aQué rápido aprendo :
_bdecimales /
_cMaría del Jesús de la Rosa ; ilustración Ramón L. Sandoval.
260 _aSanto Domingo :
_bActualidad Escolar 2000,
_c2000.
300 _a48 p. :
_bil. ;
_c28 cm.
650 4 _aMatemáticas
_xEnseñanza prescolar
_973567
650 4 _aDecimales (arimética)
_973568
700 1 2 _aSandoval, Ramón L.,
_eil.
_929585
710 2 _aActualidad Escolar 2000 (Reública Dominicana)
_973569
999 _c45004
_d45004